Strolling Through Venice (Record no. 574354)

MARC details
000 -LEADER
fixed length control field 01601nam a2200169Ia 4500
008 - FIXED-LENGTH DATA ELEMENTS--GENERAL INFORMATION
fixed length control field 250630s9999 xx 000 0 und d
020 ## - INTERNATIONAL STANDARD BOOK NUMBER
ISBN 9781845115784
082 ## - DEWEY DECIMAL CLASSIFICATION NUMBER
Classification number 914.5311049
Item number FRE
100 ## - MAIN ENTRY--AUTHOR NAME
Personal name Freely, John
245 #0 - TITLE STATEMENT
Title Strolling Through Venice
260 ## - PUBLICATION, DISTRIBUTION, ETC. (IMPRINT)
Name of publisher Tauris Parke Paperbacks
Year of publication 2008
300 ## - PHYSICAL DESCRIPTION
Number of Pages 452 pages
500 ## - GENERAL NOTE
General note There is perhaps no other European city quite as romantic, as exquisitely beautiful or as enigmatic as Venice. 'La Serenissima' floats on a hundred islets in a crescent-shaped lagoon, ribboned with canals, its labyrinth shadowed with ghosts of the past. This seemingly fragile city was the birthplace and inspiration for some of the greatest artists in history and was also, for a thousand years, the strongest sea-faring and mercantile power in the world. In Strolling Through Venice, John Freely brings Venice - her past and her present - alive. Beginning at Piazza San Marco, Freely guides the reader on a series of carefully planned and unique walks radiating from the iconic Grand Canal into each of the city's sestieri. Through streets and squares, along canals, into churches, galleries, museums and palazzi; every major place of interest that the visitor could hope to see is illuminated. At each spot Freely peels back the layers of history to reveal the stories of Venice. Practical and informative, richly coloured and bursting with history, myth and legend, Strolling Through Venice is the perfect guide for anyone who has fallen under the spell of this most enchanting city.
650 ## - SUBJECT ADDED ENTRY--TOPICAL TERM
Topical Term Architecture
942 ## - ADDED ENTRY ELEMENTS (KOHA)
Koha item type English Books
Holdings
Withdrawn status Lost status Damaged status Not for loan Home library Current library Shelving location Date acquired Full call number Accession Number Price effective from Koha item type
        Anna Centenary Library Anna Centenary Library 7TH FLOOR, B WING 30.06.2025 914.53110493 FRE 287347 30.06.2025 English Books

Find us on the map